| 000 | 00729cam a22002533a 4500 | ||
|---|---|---|---|
| 001 | 18478 | ||
| 003 | PGUSA | ||
| 005 | 20140828083407.0 | ||
| 008 | 060531s2006||||xxu|||||s|||||000 1 eng d | ||
| 040 |
_aPGUSA _beng |
||
| 042 | _adc | ||
| 050 | 4 | _aPS | |
| 100 | 1 |
_aDeland, Margaret Wade Campbell, _d1857-1945 |
|
| 245 | 1 | 0 |
_aJohn Ward, Preacher _h[electronic resource] / _cMargaret Wade Campbell Deland |
| 260 |
_bProject Gutenberg, _c2006 |
||
| 506 | _aPublic domain in the USA. | ||
| 516 | _aElectronic text | ||
| 653 | _aClergy -- Fiction | ||
| 653 | _aMarried people -- Fiction | ||
| 653 | _aDomestic fiction | ||
| 830 | 0 |
_aProject Gutenberg _v18478 |
|
| 856 | 4 | 0 | _uhttp://www.gutenberg.org/ebooks/18478 |
| 942 | _cEB | ||
| 999 |
_c247733 _d247733 |
||